| 000 | 00798nas a2200253 4500 | ||
|---|---|---|---|
| 001 | BR0505241 | ||
| 003 | BR-BrBNA | ||
| 005 | 20231205105706.0 | ||
| 007 | ta | ||
| 008 | 230509b bl.|||p| |||| 00| 00por d | ||
| 040 |
_aBR-BrBNA _bpor _cBiblioteca Nacional de Agricultura |
||
| 041 | _a(En) | ||
| 072 | _aF61 | ||
| 100 | 1 | _aNecchi Junior, O. | |
| 100 | 1 | _aAlves, A.H.S. | |
| 245 | 1 | _aPhotosynthetic characteristics of the freshwater red alga Batrachospermum delicatulum (Skuja)Necchi Entwisle | |
| 650 | _aALGA VERMELHA | ||
| 650 | _aFOTOSSÍNTESE | ||
| 650 | _aIRRADIAÇÃO | ||
| 650 | _aTEMPERATURA | ||
| 773 | 0 |
_tActa Botanica Brasilica (Brazil) _xISSN 0102-3306 _g(Jan-Mar 2005), v. 19(1) p. 125-137 _wBR0505241 |
|
| 909 |
_a202311 _bLúcia _c55 _dLúcia Elande |
||
| 942 |
_2AGRIS _n0 _cANA |
||
| 999 |
_c184180 _d184180 |
||